|
|
|
|
| LEADER |
01577nam a2200289 a 4500 |
| 001 |
16270791 |
| 008 |
121030s2010 mnu 001 0 eng d |
| 010 |
|
|
|a 2010459025
|
| 020 |
|
|
|a 9780314202727 (pbk.)
|
| 020 |
|
|
|a 0314202722 (pbk.)
|
| 040 |
|
|
|a GLL
|c GLL
|d YDXCP
|d YLS
|d RCJ
|d DLC
|d BD-DhAAL
|
| 082 |
0 |
0 |
|a 340.072/073
|2 22
|
| 100 |
1 |
|
|a Osbeck, Mark K.
|
| 245 |
1 |
0 |
|a Impeccable research :
|b a concise guide to mastering legal research skills /
|c by Mark K. Osbeck.
|
| 260 |
|
|
|a St. Paul, MN :
|b Thomson/West,
|c c2010.
|
| 300 |
|
|
|a xv, 147 p. ;
|c 24 cm.
|
| 490 |
1 |
|
|a American casebook series
|
| 500 |
|
|
|a Includes index.
|
| 505 |
0 |
|
|a Formulate a research plan and generate search terms -- Consult secondary sources -- Conduct your search for primary authorities -- Expand and update your case research -- Analyze and organize your research results -- Ten tips for the summer associate and the beginning lawyer -- Trouble-shooting guide -- Secondary sources of law -- Primary sources of law.
|
| 541 |
1 |
|
|e 00026190
|
| 650 |
|
0 |
|a Legal research
|z United States.
|
| 830 |
|
0 |
|a American casebook series.
|
| 852 |
1 |
|
|a Ayesha Abed Librar
|j General shelf
|
| 942 |
0 |
0 |
|0 1
|
| 999 |
|
|
|c 12933
|d 12933
|
| 952 |
|
|
|0 0
|1 0
|4 0
|6 340_072073000000000_OSB
|7 0
|9 21361
|a BRACUL
|b BRACUL
|c GEN
|d 2012-10-30
|e Trim Education
|g 4875.00
|l 5
|m 65
|o 340.072073 OSB
|p 3010026190
|r 2024-12-03
|s 2024-10-01
|t 1
|w 2012-10-30
|y BK
|
| 952 |
|
|
|0 0
|1 0
|2 ddc
|4 0
|6 340_072073000000000_OSB
|7 0
|9 24866
|a BRACUL
|b BRACUL
|c GEN
|d 2014-06-18
|e Trim Education
|g 5900.00
|l 10
|m 77
|o 340.072073 OSB
|p 3010028050
|r 2025-11-24
|s 2025-02-18
|t 2
|w 2014-06-18
|y BK
|